The theme of incarnate being in the philosophy of Gabriel Marcel (Record no. 130363)
[ view plain ]
| 000 -LEADER | |
|---|---|
| fixed length control field | 00474nam a22001457a 4500 |
| 008 - FIXED-LENGTH DATA ELEMENTS--GENERAL INFORMATION | |
| fixed length control field | 200214b ||||| |||| 00| 0 eng d |
| 050 ## - LIBRARY OF CONGRESS CALL NUMBER | |
| Classification number | B2430.M25 |
| Item number | M117 |
| 100 ## - MAIN ENTRY--PERSONAL NAME | |
| Personal name | McAuliffe, Francis |
| 9 (RLIN) | 49530 |
| 245 ## - TITLE STATEMENT | |
| Title | The theme of incarnate being in the philosophy of Gabriel Marcel |
| Statement of responsibility, etc | Francis McAuliffe |
| 260 ## - PUBLICATION, DISTRIBUTION, ETC. (IMPRINT) | |
| Place of publication, distribution, etc | Ireland |
| Name of publisher, distributor, etc | National University of Ireland |
| Date of publication, distribution, etc | 1981 |
| 300 ## - PHYSICAL DESCRIPTION | |
| Extent | vi, 208p. ; |
| Dimensions | 25cm. |
| 500 ## - GENERAL NOTE | |
| General note | Thesis |
| 600 ## - SUBJECT ADDED ENTRY--PERSONAL NAME | |
| Personal name | marcel, Gabriel |
| 9 (RLIN) | 7329 |
| 942 ## - ADDED ENTRY ELEMENTS (KOHA) | |
| Source of classification or shelving scheme | Library of Congress Classification |
| Item type | Monograph ( Printed materials) |
| Withdrawn status | Lost status | Source of classification or shelving scheme | Damaged status | Not for loan | Collection code | Home library | Current library | Shelving location | Date acquired | Total Checkouts | Full call number | Barcode | Date last seen | Price effective from | Koha item type |
|---|---|---|---|---|---|---|---|---|---|---|---|---|---|---|---|
| Library of Congress Classification | Main Collection | ARRUPE LIBRARY | ARRUPE LIBRARY | Main Collection | 14/02/2020 | B2430.M25 M117 | 46600006370 | 14/02/2020 | 14/02/2020 | Monograph ( Printed materials) |